LDR 01010naa#a2200193#i#450# 001 EN\\bibl\124373 005 20260607025109.7 011 ## _a2073-1574 100 ## _a20260529b2026####ek#y0engy0150####ca 102 ## _aRU 200 1# _aOn the issue of ensuring the safety of using a floating hose line for loading oil into tankers in a conventional manner in a freezing water area _eJournal article 210 1# _aAstrakhan _cAstrakhan State Technical University _d2026 215 ## _a7 с. 608 ## _aJournal article _2local 675 ## _aСпециализированные плавучие средства для внутрипортовых работ, для осуществления грузовых операций, для судоремонтных работ. 629.565 _aМорской лед. Пак. Дрейфующий лед. Ледяные поля. 551.326.7 _z 700 #1 _aGlushkov _gSergey Vitalievich 700 #1 _aMoninets _gSergey Yur'evich 700 #1 _aKolbek _gSergey Sergeevich 856 4# _avestnik.astu.org _u